000 00442pab a2200169 454500
008 180718b2013 xxu||||| |||| 00| 0 eng d
100 _aD'Souza, Alwyn Prakash
245 _aPublic health service in Karnataka: A comparison with southern states
260 _c2013
300 _ap.278-290.
362 _aJul-Sep
650 _aHealth services
700 _aLeelavathi, D.S.
773 _aSocial Action
908 _aN
909 _a101353
999 _c101351
_d101351